Hd tự học máy tính

Zapisane w:
Opis bibliograficzny
1. autor: Việt Văn Book
Format: Książka
Język:Vietnamese
Wydane: HĐƯ 2008
Etykiety: Dodaj etykietę
Nie ma etykietki, Dołącz pierwszą etykiete!
Thư viện lưu trữ: Mạng thư viện Đại học Đà Nẵng
LEADER 00611nam a2200277 4500
001 000026640
003 702
005 20150325120000.0
008 150325s vm 000 vie
020 |c 62,0000 
040 |a NOTTS 
100 |a Việt Văn Book 
245 |a Hd tự học máy tính 
260 |b HĐƯ  |c 2008 
300 |a 336tr. ; 
OWN |a LTT 
999 |a From the UDN01 
TYP |a Monograph 
TYP |a Printed language 
980 |a Mạng thư viện Đại học Đà Nẵng